000 01081cam a22002771i 4500
003 SA-RiAUC
005 20250413073318.0
008 250412s1976 sy g 00000 ara c
040 _aSA-RiAUC
_bara
_cSA-RiAUC
_erda
082 0 4 _a808.02
_qSA-RiAUC
090 _a808.02
_b ط ر ا
100 1 _aالطرابلسي، أمجد،
_d1916-2001
_eمؤلف.
245 1 0 _aنظرة تاريخية في حركة التأليف عند العرب في اللغة والأدب /
_cأمجد الطرابلسي.
250 _aالطبعة السادسة.
264 1 _aدمشق :
_bمكتبة دار الفتح،
_c1976
300 _a231 صفحة ؛
_c24 سم
336 _aنص
_btxt
_2rdacontent
_3كتاب
337 _aبدون وسيط
_bn
_2rdamedia
338 _aمجلد
_bnc
_2rdacarrier
650 7 _aالتأليف عند العرب
_2aucsh
650 7 _aاللغة العربية
_xتاريخ
_2aucsh
650 7 _aالأدب العربي
_xتاريخ ونقد
_2aucsh
942 _2ddc
_cBOOK
_n0
949 _aSA-JeALM
_d250412
_uosman123
_n1
999 _c6959
_d6959